| 000 | 00848nam a2200253 a 4500 | ||
|---|---|---|---|
| 001 | 000010941 | ||
| 003 | DO-SdBNP | ||
| 005 | 20230131120830.0 | ||
| 007 | ta | ||
| 008 | 091013s19uu dr r 001 p spa d | ||
| 040 |
_aDO-SdBNP _bspa _cBNPHU |
||
| 082 |
_aPR861.44 _bR737c _222 |
||
| 100 | 1 |
_aRohema Garay, Ramón, _q(Moncho) _926351 |
|
| 245 | 1 | 0 |
_aCántico nuevo : _bpoemario cristiano / _cRamón Rohena Garay ; prólogo Tomás Rosario Ramos. |
| 260 |
_aSanto Domingo : _bEducativa Dominicana, _c[19--]. |
||
| 300 |
_a132 p. ; _c22 cm. |
||
| 590 | _aInventariado, 2018/BT | ||
| 650 | 4 |
_aPoesía puertorriqueña _91015 |
|
| 650 | 4 |
_aPoesía cristiana puertorriqueña _926352 |
|
| 650 | 4 |
_aLiteratura puertorriqueña _9250 |
|
| 700 | 1 | 2 |
_aRosario Ramos, Tomás, _epról. _926353 |
| 910 | _aValidado. Control de calidad. MFF | ||
| 942 |
_2ddc _cLBS1 |
||
| 999 |
_c10679 _d10679 |
||